|
|
|
|
| LEADER |
00753cam a2200205 7i4500 |
| 001 |
0000009206 |
| 005 |
20110118090000.0 |
| 020 |
|
|
|a 9678914743 (pbk.)
|
| 020 |
|
|
|a 9789678914741
|
| 090 |
0 |
0 |
|a KPG2802.A31986
|b P67
|
| 110 |
1 |
|
|a Malaysia
|
| 240 |
1 |
0 |
|a Promotion of Investments Act 1986 (Act 327)
|
| 245 |
1 |
0 |
|a Promotion of Investments Act 1986 (Act 327) & = Akta Penggalakan Pelaburan 1986 (Akta 327).
|
| 260 |
|
|
|a Petaling Jaya, Selangor:
|b International Law Book Services,
|c 2004-.
|
| 300 |
|
|
|a 214 p.;
|c 24 cm.
|
| 490 |
0 |
|
|a Undang-undang Malaysia
|
| 500 |
|
|
|a Library has : Hingga 25hb Mac 2004
|
| 650 |
0 |
0 |
|a Investment --
|x Law and legislation --
|z Malaysia
|
| 710 |
2 |
|
|a Legal Research Board
|
| 999 |
|
|
|a 0000011797
|b BOK
|c ACTS
|e Ground Floor, Bestari Jaya
|